Регионална библиотека "Любен Каравелов" - Русе

"Добрата война" (Запис номер 188357)

MARC детайли
000 -Лидер
Контролно поле с фиксирана дължина 01746nam a2200421 c 4500
003 - Код на организацията, давaща контролен номер
Контролно поле BLK
005 - Дата и час на последна редакция
Контролно поле 20241216165833.0
008 - Елементи от данни с фиксирана дължина
fixed length control field 180411b bul|||||r ||||||| ||bul||
010 ## - Наследен системен номер
LC control number KNG00197375000
040 ## - Източник на каталожния запис
Идентификатор на билиотеката - собственик на записа BLK
041 ## - Код за език
Код за езика на текст/звукозапис или на отделно заглавие Български
Код за езика КДБФ Български
080 ## - УДК
Текстов определител УДК История на Втората световна война (1939-1945)
УДК код - определител по УДК 94(100)"1939/1945"
УДК - код + определител 94(100)"1939/1945"
080 ## - УДК
Текстов определител УДК История на САЩ
УДК код - определител по УДК 973
УДК - код + определител 973
100 1# - Редна дума - Автор
Автор Търкъл, Стъдс
Авторска отговорност първи автор
R(LIN) 339663
139 ## - Редно поле
Редна дума Търкъл, Стъдс
Авторски знак Тър - Т 96
245 10 - Сведения за заглавието
Заглавие "Добрата война"
Подзаглавни данни ІІ световна война в разказите на очевидци
Редно поле (дума) Стъдс Търкъл; прев. от англ. Петко Димитров Бочаров; с предг. от Тодор Вълчев Вълчев.
257 ## - Страна на издаване
Страна на създаване/издаване Съединени американски щати
260 ## - Област на издателските данни
Име на издателя, разпространителя и проч. Партиздат
Година на издаване 1988
Печатница В. Търново : Д. Найденов
300 ## - Физическа характеристика
Страници 336 с.
Размери/Мащаб 20 см
380 ## - Жанр
Жанр История
500 ## - Общи забележки
Забележка Ориг. загл. "The good war" / Studs Terkel
650 #4 - Допълнително описание по предмет – тема
Основно описание – тема или топоним Втора световна война
9 (RLIN) 266732
650 #4 - Допълнително описание по предмет – тема
Основно описание – тема или топоним САЩ - история
9 (RLIN) 262032
651 #4 - Допълнително описание по предмет - топоним
Географско понятие САЩ
9 (RLIN) 179493
653 ## - Ключова дума – ненормативна
Ключова дума Втора световна война
653 ## - Ключова дума – ненормативна
Ключова дума САЩ
653 ## - Ключова дума – ненормативна
Ключова дума участници
700 1# - Други автори (авторска отговорност)
Лично име Бочаров, Петко Димитров
Автороска отговорност (Описва отношението между автора и произведението) прев. от англ.
9 (RLIN) 380281
700 1# - Други автори (авторска отговорност)
Лично име Вълчев, Тодор Вълчев
Автороска отговорност (Описва отношението между автора и произведението) с предг. от
9 (RLIN) 384594
852 ## - Местоположение
Форматна сигнатура Цб 154470
856 4# - Електронен адрес и достъп
Електронен формат pdf - файл
856 4# - Електронен адрес и достъп
Електронен формат pdf - файл
999 ## - СИСТЕМНИ КОНТРОЛНИ НОМЕРА
Koha biblionumber 188357
Koha biblioitemnumber 188357
942 ## - АРТИКУЛИ
Вид на библиотечния материал Книги
Скрит в OPAC Не
Периодичен библиозапис Да
Koha issues (borrowed), all copies 3
944 ## - СЪЗДАВАНЕ И РЕДАКЦИЯ на ЗАПИСА
Създаване/Редакция Създаване
Дата на регистрацията/редакция 05.12.2016
Служител, извършил регистрацията/редакцията 30576
Статус, дата на статуса Цветомила Тодорова
944 ## - СЪЗДАВАНЕ И РЕДАКЦИЯ на ЗАПИСА
Създаване/Редакция Редакция
Дата на регистрацията/редакция 05.12.2016
Служител, извършил регистрацията/редакцията Севдалина_Василева
999 ## - СИСТЕМНИ КОНТРОЛНИ НОМЕРА
Koha biblioitemnumber 188357
999 ## - СИСТЕМНИ КОНТРОЛНИ НОМЕРА
Koha biblioitemnumber 188357
Наличности
Код за отписване Код за изгубен артикул Източник на класификационната схема Код за повреда Коз за рестрикции Код за отдаване Артикулен № Име на библиотеката - собственик Име на библиотеката, в която се намира в момента Статус (Текущо местоположение) Дата на вписване в системата Местоположение - отдел Цена в лева Инвентарен номер Систематично азбучна сигнатура Баркод Номер на екземпляра Цена в евро Служебна бележка Служебен тип на артикула
  Не е изгубен Universal Decimal Classification Не е повреден без рестрикции ползва се в читалня 330236 Регионална библиотека "Любен Каравелов" Русе Регионална библиотека "Любен Каравелов" Русе Хранилище 1988-01-01 Хранилище 1.60 505977 Цб 154470 120000505977 1 0.82 Дост: Dp Вид: Д N: стар фонд Дата: 01.01.1988 Книги
Изтеглен Не е изгубен Universal Decimal Classification Не е повреден без рестрикции заемане за дома 330237 Регионална библиотека "Любен Каравелов" Русе Регионална библиотека "Любен Каравелов" Русе Заемна - подръчен фонд 1988-01-01 Заемна - подръчен фонд 1.60 505247 П 940.53/Т 96 505247 2 0.82 Дост: Pk Вид: Ф N: стар фонд Дата: 01.01.1988 Дата инв: 16.02.2018 Бележки инв: П2018 Книги
Изтеглен Не е изгубен Universal Decimal Classification Не е повреден без рестрикции заемане за дома 330238 Регионална библиотека "Любен Каравелов" Русе Регионална библиотека "Любен Каравелов" Русе Заемна - подръчен фонд 1988-01-01 Заемна - подръчен фонд 1.60 505249 94(100)"1939/1945"/Т 96 С 120000505249 3 0.82 Дост: Pk Вид: Ф N: стар фонд Дата: 01.01.1988 Дата инв: 07.02.2018 Бележки инв: П2018 Книги
Vip Innovations Ltd, Rousse, Bulgaria 2025